| 000 | 01048nam a2200241 a 4500 | ||
|---|---|---|---|
| 001 | 000009692 | ||
| 005 | 20250128193628.0 | ||
| 008 | 091001s2005 dr ac 001 0 spa d | ||
| 020 | _a9993423971 | ||
| 040 |
_aDO-SdBNP _bspa _cBNPHU |
||
| 082 |
_a972.9356 _bE77h |
||
| 100 | 1 |
_aEspinal Hernández, Edwin, _d1971- _98396 |
|
| 245 | 1 | 0 |
_aHistoria social de Santiago de los Caballeros 1863-1900 / _cEdwin Espinal Hernández ; prólogo Bernardo Vega. |
| 260 |
_aSanto Domingo : _aFundación Manuel de Jesús Tavares Portes, _c2005. |
||
| 300 |
_a419 p. : _bil., retrs. ; _c27 cm. |
||
| 504 | _aIncluye referencias bibliográficas y notas al pie de las páginas | ||
| 504 | _aIncluye referencias bibliográficas e índice onomástico p: 382-419 | ||
| 651 | 0 |
_aSantiago de los Caballeros (Republica Dominicana) _98269 |
|
| 651 | 0 |
_aSantiago de los Caballeros (Republica Dominicana) _98269 |
|
| 650 | 4 |
_aCiudades y pueblos _zRepública Dominicana _9784 |
|
| 700 | 1 |
_aVega, Bernardo, _d1938 - _epról. _93222 |
|
| 910 | _aValidado. Control de calidad BNPHU | ||
| 999 |
_c9452 _d9452 |
||